书目信息 |
| 题名: |
环境信息系统实验教程
|
|
| 作者: | 王远 主编 | |
| 分册: | ||
| 出版信息: | 南京 南京大学出版社 2020.01 |
|
| 页数: | 235页 | |
| 开本: | 23cm | |
| 丛书名: | 环境科学与工程实验教学系列教材 | |
| 单 册: | ||
| 中图分类: | TP311.118 , P208.2 | |
| 科图分类: | ||
| 主题词: | 关系数据库系统--guan xi shu ju ku xi tong--教材 , 地理信息系统--di li xin xi xi tong--应用软件--教材 | |
| 电子资源: | ||
| ISBN: | 978-7-305-16301-2 | |
| 000 | 01316nam 2200313 450 | |
| 001 | 202020140251 | |
| 005 | 20200926181352.0 | |
| 010 | @a978-7-305-16301-2@dCNY45.00 | |
| 100 | @a20200918d2020 em y0chiy50 ea | |
| 101 | 0 | @achi |
| 102 | @aCN@b320000 | |
| 105 | @aa z 000yy | |
| 106 | @ar | |
| 200 | 1 | @a环境信息系统实验教程@Ahuan jing xin xi xi tong shi yan jiao cheng@eAccess及ArcGIS技术应用@f主编王远 |
| 210 | @a南京@c南京大学出版社@d2020.01 | |
| 215 | @a235页@c图@d23cm | |
| 225 | 2 | @a环境科学与工程实验教学系列教材@Ahuan jing ke xue yu gong cheng shi yan jiao xue xi lie jiao cai |
| 300 | @a福建师范大学教材建设基金出版资助 | |
| 330 | @a本书包括环境数据库实验和地理信息系统部分, 共18个实验, 课程的基本要求是理解数据库与地理信息系统的原理, 掌握基本的数据库设计与地理信息系统使用方法, 能够相对独立地完成简单数据库设计及环境地理信息数据的空间分析。 | |
| 410 | 0 | @12001 @a环境科学与工程实验教学系列教材 |
| 517 | 1 | @aAccess及ArcGIS技术应用@AAccess ji ArcGIS ji shu ying yong |
| 606 | 0 | @a关系数据库系统@Aguan xi shu ju ku xi tong@j教材 |
| 606 | 0 | @a地理信息系统@Adi li xin xi xi tong@x应用软件@j教材 |
| 610 | 0 | @aAccess@aArcGIS |
| 690 | @aTP311.118@v5 | |
| 690 | @aP208.2@v5 | |
| 701 | 0 | @a王远@Awang yuan@4主编 |
| 801 | 0 | @aCN@c20200319 |
| 905 | @a河南城建学院图书馆@dTP311.118@eW445 | |
| 环境信息系统实验教程:Access及ArcGIS技术应用/主编王远.-南京:南京大学出版社,2020.01 |
| 235页:图;23cm.-(环境科学与工程实验教学系列教材) |
| 福建师范大学教材建设基金出版资助 |
| ISBN 978-7-305-16301-2:CNY45.00 |
| 本书包括环境数据库实验和地理信息系统部分, 共18个实验, 课程的基本要求是理解数据库与地理信息系统的原理, 掌握基本的数据库设计与地理信息系统使用方法, 能够相对独立地完成简单数据库设计及环境地理信息数据的空间分析。 |
| ● |
| 相关链接 |
|
|
|
正题名:环境信息系统实验教程
索取号:TP311.118/W445
 
预约/预借
| 序号 | 登录号 | 条形码 | 馆藏地/架位号 | 状态 | 备注 |
| 1 | 1490483 | 214904834 | 自科库301/301自科库 47排6列3层/ [索取号:TP311.118/W445] | 在馆 |